Islam and Missions (Record no. 2231)

MARC details
000 -LEADER
fixed length control field 00573nam a2200229 a 4500
020 ## - INTERNATIONAL STANDARD BOOK NUMBER
ISBN
082 00 - DEWEY DECIMAL CLASSIFICATION NUMBER
Classification number 269.2
Author Cutter ZWE
100 ## - MAIN ENTRY--AUTHOR NAME
Author name Zwemer, S M
245 ## - TITLE STATEMENT
Title Islam and Missions
Sub title Report of Lucknow Conference.
260 ## - PUBLICATION, DISTRIBUTION, ETC. (IMPRINT)
Place of publication New York
Name of publisher Fleming Revelle Co.
Year of publication 1911
300 ## - PHYSICAL DESCRIPTION
Number of Pages 298p
500 ## - GENERAL NOTE
General note includes index and biblioraphy
505 2# - FORMATTED CONTENTS NOTE
Formatted contents note Index, Illus.
650 ## - SUBJECT ADDED ENTRY--TOPICAL TERM
Topical Term Evangelistic Work
942 ## - ADDED ENTRY ELEMENTS (KOHA)
Koha item type Books
Holdings
Home library Current library Date acquired Cost, normal purchase price Full call number Accession Number Koha item type
Henry Martyn Institute Library Henry Martyn Institute Library   100.00 269.2 ZWE 681 Archive Book
Henry Martyn Institute Library Henry Martyn Institute Library   100.00 269.2 ZWE 5874 Archive Book
Henry Martyn Institute Library Henry Martyn Institute Library   100.00 269.2 ZWE 8432 Archive Book
                   Copyright © 2026 | Henry Martyn Institute | Hyderabad | TS-500052 | INDIA | Implemented by hmi.edu.in
Hit-Count:

Powered by Koha